Physical pharmacy and instrumental methods of analysis

Saved in:
Bibliographic Details
Main Author: AKHTER, Mymoona Alam, M.Mumtaz
Format: Book
Language:English
Published: Ane Books 2019
Tags: Add Tag
No Tags, Be the first to tag this record!

MARC

LEADER 00000nam a22000007a 4500
008 210812b ||||| |||| 00| 0 eng d
020 |a 9789385462900 
100 |a AKHTER, Mymoona  |a Alam, M.Mumtaz 
245 |a Physical pharmacy and instrumental methods of analysis  |c Mymoona Akhter and M.Mumtaz Alam  |g xvi,225p;ill 
260 |b Ane Books  |c 2019  |h New Delhi  |i 696792  |i 696793  |l RS403.Ak4  |m Pharmaceutical chemistry  |m Chemical, pharmaceutical- methods 
942 |a lcc  |c BK  |e Johnson  |f 12/08/21 
952 |0 0  |1 0  |2 lcc  |4 0  |6 RS0403 A K4  |7 0  |9 3010  |a PL  |b HOL  |c QZ  |d 2021-08-12  |l 0  |o RS403.Ak4  |p 2021-66703  |r 2021-08-12 00:00:00  |w 2021-08-12  |y BK 
952 |0 0  |1 0  |2 lcc  |4 0  |6 RS0403 A K4  |7 0  |9 3011  |a HOL  |b HOL  |c QZ  |d 2021-08-12  |l 0  |o RS403.Ak4  |p 2021-66704  |r 2021-08-12 00:00:00  |w 2021-08-12  |y BK 
999 |c 1525  |d 1525